| 000 | 01249nac a22003131i 4500 | ||
|---|---|---|---|
| 003 | EG-ScBUE | ||
| 005 | 20240911110425.0 | ||
| 008 | 240911t2006 nyu f 000 0 eng d | ||
| 020 | _a9780874477726 | ||
| 020 | _a0874477727 | ||
| 040 |
_aEG-ScBUE _beng _erda _cEG-ScBUE _dEG-ScBUE |
||
| 082 | 0 | 4 |
_a510.76 _222 _bOFF |
| 245 | 0 | 4 |
_aThe official SAT subject tests in mathematics levels 1 & 2 : _bstudy guide. |
| 250 | _aFirst edition. | ||
| 264 | 1 |
_aNew York : _bCollege Board, _c[2006] |
|
| 264 | 4 | _cc2006 | |
| 300 |
_avi, 190 pages ; _c28 cm |
||
| 336 |
_2rdacontent _atext _btxt |
||
| 337 |
_aunmediated _2rdamedia _bn |
||
| 338 |
_avolume _bnc _2rdacarrier |
||
| 650 | 7 |
_aMathematics _vExaminations, questions, etc. _2BUEsh |
|
| 650 | 7 |
_aUniversities and colleges _zUnited States _xEntrance examinations _xStudy guides. _2BUEsh |
|
| 650 | 7 |
_aSAT (Educational test) _xStudy guides. _2BUEsh |
|
| 655 | _vReading book | ||
| 856 | 4 | 1 |
_3Table of contents only _uhttp://www.loc.gov/catdir/toc/ecip0614/2006016434.html |
| 856 | 4 | 1 |
_3Contributor biographical information _uhttp://www.loc.gov/catdir/enhancements/fy0659/2006016434-b.html |
| 856 | 4 | 1 |
_3Publisher description _uhttp://www.loc.gov/catdir/enhancements/fy0659/2006016434-d.html |
| 942 |
_cBB _2ddc |
||
| 999 |
_c4685 _d4685 |
||